000 00818nam a2200265 a 4500
001 BRCA_5450
005 20190320205102.0
008 821217s1913 gw-ac#####---#000-0#ger-#
041 _agw
044 _ager
050 4 _aND653.D7
_b.D68 1913
245 1 0 _aGerard, Dou
_bdes Meisters Gemälde
_cherausgegeben von W. Martin
260 _aStuttgart, Alemania
_bDeutsche Verlags-Anstalt
_c1913
300 _axxi, 203 p.
_bil., láminas
_c26 cm.
440 0 _aKlassiker der kunst in gesmatausgaben
_v24
_913921
500 _aIncluye 247 ilustraciones
500 _aEdición con cabeza dorada
500 _aM35
600 1 4 _aDou, Gerard
_d1613-1675
_913922
650 1 4 _aPintores holandeses
_913923
650 1 4 _aPinturas holandesas
_913737
700 1 _aMartin, W.
_eEditor
_913924
902 _aGFM
942 _2lcc
_cB
999 _c5144
_d5144